The Main Parts of the Human Eye - Statistics

General Stats
  • This quiz has been taken 15 times
  • The average score is 5 of 11
Answer Stats
Answer % Correct
Iris
92%
Cornea
75%
Retina
75%
Pupil
67%
Lens
58%
Optic nerve
58%
Eyelid
33%
Eyelashes
25%
Sclera
25%
Choroid
8%
Vitreous body
0%
No matching quizzes found
Score Distribution
Percent of People with Each Score
Percentile by Number Answered
Your Score History
You have not taken this quiz